Movies Quiz

Random Movies or Oscar Quiz

Best Director Films Quiz Stats

Quiz not verified by Sporcle

Challenge
Share
Tweet
Embed
Score 0/90 Timer 15:00
0 Plays Today
Year Film % Correct
1997Titanic
93%
1974The Godfather Part II
92.2%
1995Braveheart
92.2%
1990Dances with Wolves
91.5%
1977Annie Hall
89.9%
1993Schindler's List
89.9%
1994Forrest Gump
89.1%
1992Unforgiven
88.4%
2003The Lord of the Rings: The Return of the King
88.4%
1986Platoon
87.6%
1998Saving Private Ryan
86.8%
2006The Departed
86.8%
2008Slumdog Millionaire
86%
2009The Hurt Locker
86%
2015The Revenant
85.3%
2004Million Dollar Baby
85.3%
1999American Beauty
84.5%
2001A Beautiful Mind
83.7%
2007No Country for Old Men
83.7%
2014Birdman or (The Unexpected Virtue of Ignorance)
83.7%
1939Gone with the Wind
82.9%
1980Ordinary People
82.9%
1984Amadeus
82.2%
1991The Silence of the Lambs
82.2%
1996The English Patient
82.2%
2002The Pianist
82.2%
1975One Flew Over the Cuckoo's Nest
81.4%
1978The Deer Hunter
80.6%
1943Casablanca
79.8%
1971The French Connection
79.8%
Year Film % Correct
2005Brokeback Mountain
79.8%
1981Reds
79.1%
2011The Artist
79.1%
1973The Sting
78.3%
1982Gandhi
78.3%
2012Life of Pi
78.3%
2013Gravity
78.3%
1960The Apartment
77.5%
1987The Last Emperor
77.5%
1954On the Waterfront
76.7%
1962Lawrence of Arabia
76.7%
1972Cabaret
76.7%
1985Out of Africa
76.7%
2010The King's Speech
76.7%
1976Rocky
76%
1983Terms of Endearment
75.2%
1988Rain Man
75.2%
2016La La Land
75%
1934It Happened One Night
74.4%
1967The Graduate
74.4%
2000Traffic
73.6%
1969Midnight Cowboy
72.9%
1979Kramer vs. Kramer
72.1%
1989Born on the Fourth of July
71.3%
1957The Bridge on the River Kwai
70.5%
1970Patton
70.5%
1961West Side Story
69%
1965The Sound of Music
68.2%
1959Ben-Hur
64.3%
1968Oliver!
63.6%
Year Film % Correct
1950All About Eve
61.2%
1941How Green Was My Valley
60.5%
1964My Fair Lady
59.7%
1946The Best Years of Our Lives
57.4%
1963Tom Jones
57.4%
1955Marty
56.6%
1944Going My Way
55.8%
1929-30All Quiet on the Western Front
55%
1948The Treasure of the Sierra Madre
55%
1938You Can't Take It with You
54.3%
1940The Grapes of Wrath
54.3%
1958Gigi
53.5%
1947Gentleman's Agreement
51.2%
1953From Here to Eternity
51.2%
1966A Man for All Seasons
51.2%
1945The Lost Weekend
49.6%
1932-33Cavalcade
48.8%
1942Mrs. Miniver
48.1%
1952The Quiet Man
41.1%
1956Giant
38.8%
1935The Informer
33.3%
1936Mr. Deeds Goes to Town
31%
1951A Place in the Sun
30.2%
1949A Letter to Three Wives
29.5%
1930-31Skippy
27.1%
1937The Awful Truth
27.1%
1927-28 (Drama)7th Heaven
20.2%
1931-32Bad Girl
17.1%
1927-28 (Comedy)Two Arabian Knights
14.7%
1928-29The Divine Lady
14%

You're not logged in!

Compare scores with friends on all Sporcle quizzes.
Sign Up with Email
OR
Log In

Show Comments

Extras

Top Quizzes Today


Score Distribution

Your Account Isn't Verified!

In order to create a playlist on Sporcle, you need to verify the email address you used during registration. Go to your Sporcle Settings to finish the process.